María del Rosario : Los huérfanos /
Guardado en:
| Autor principal: | |
|---|---|
| Formato: | Desconocido |
| Lenguaje: | Spanish |
| Publicado: |
San José, Costa Rica :
Imprenta Alsina,
c1907.
|
| Materias: | |
| Etiquetas: |
Agregar Etiqueta
Sin Etiquetas, Sea el primero en etiquetar este registro!
|
MARC
| LEADER | 000000000a22000000004500 | ||
|---|---|---|---|
| 001 | 002953 | ||
| 041 | 0 | |a spa | |
| 082 | 0 | 4 | |a CR862.6 |b U75m |
| 100 | 1 | |a Ureña, Daniel | |
| 245 | 1 | 0 | |a María del Rosario : Los huérfanos / |c Daniel Ureña. |
| 246 | 3 | |a Los huérfanos | |
| 260 | 1 | |a San José, Costa Rica : |b Imprenta Alsina, |c c1907. | |
| 300 | |a 130 páginas | ||
| 500 | |a Colección George Yudice | ||
| 500 | |a Tïtulo alternativo: Los huérfanos | ||
| 650 | 4 | |a TEATRO COSTARRICENSE | |
| 650 | 4 | |a MARIA DEL ROSARIO | |
| 650 | 4 | |a LOS HUERFANOS | |
| 999 | |c 9278 |d 9278 | ||
| 942 | |c BK |h CR862.6 U75m |2 z | ||
